banner-ar

MANUAL OF CLINICAL NURSING PROCEDURES / (Record no. 13006)

MARC details
000 -الفاتح
حقل البيانات ثابتة الطول 00563nam a2200205Ia 4500
008 - عناصر البيانات ثابتة الطول - معلومات عامة
حقل البيانات ثابتة الطول 140319s9999 xx 000 0 eng d
040 ## - مصدر الفهرسة
وكالة الفهرسة الأصلية GCL /
وكالة النسخ GCL
082 04 - رقم تصنيف ديوى العشرى
رقم التصنيف 610.73
رقم المادة M M
100 1# - المدخل الرئيسى - إسم شخصى
الإسم الشخصى MALLETT, JANE
245 10 - بيان العنوان
العنوان MANUAL OF CLINICAL NURSING PROCEDURES /
بيان المسئوليه,etc MALLETT, JANE
700 1# - المدخل الاضافى - اسم شخصى
الإسم الشخصى BAILEY, CHRISTOPHER
260 ## - PUBLICATION, DISTRIBUTION, ETC. (IMPRINT)
تاريخ النشر أو التوزيع 1996
300 ## - الوصف المادى
التعداد 662 P
650 04 - المدخل الاضافى بالموضوع-مصطلح موضوعى
مصطلح موضوعي NURSING CARE - METHODS
650 04 - المدخل الاضافى بالموضوع-مصطلح موضوعى
مصطلح موضوعي PATIENT CARE PLANNING
650 04 - المدخل الاضافى بالموضوع-مصطلح موضوعى
مصطلح موضوعي NURSING THEORY
650 04 - المدخل الاضافى بالموضوع-مصطلح موضوعى
مصطلح موضوعي NURSING PROCESS
942 ## - عناصر المدخل الإضافي( كوها)
مصدر التصنيف او مخطط الترفيف Dewey Decimal Classification
Koha [default] item type كتاب
260 ## - PUBLICATION, DISTRIBUTION, ETC. (IMPRINT)
-- [S.N] :
-- BLACKWELL SCIENCE LTD. ،
Holdings
حالة التراجع حالة الفقد حالة تلف ليس للاعارة المكان المؤقت الموقع الحالى تاريخ الاكتساب اجمالي اﻻعارات رقم الطلب الباركود تاريخ اخر مشاهدة تاريخ تفعيل السعر نوع وعاء كوها
        مكتبة القاهرة الكبرى مكتبة القاهرة الكبرى 03/26/2014   610.73\M M 25080 03/26/2014 03/26/2014 كتاب

Powered By

EGPV